000
00273nam a2200121Ia 4500
008
241002s9999 xx 000 0 und d
082
_a
972.809 SHA
100
_a
Shaw Bernand
245
4
_a
The Millonairess
260
_a
New York:
_c
1960
600
_a
History
942
_c
UC
999
_c
18662
_d
18662